01643cam a2200337 a 4500999001900000001000700019003000500026005001700031008004100048010001700089020002500106040001800131050002200149082002100171111015700192245013100349260004700480300003900527500019800566500008400764501000800848504005100856650004700907650006500954650003201019700002901051710005201080906004501132942001801177952011001195 c332168d332168582254NUST20171116104931.0900709s1991 nyuab b 101 0 eng  a 90042668  a1560321458 :c$97.00 aDLCcDLCdDLC00aTD796b.I565 198900a628.4457 INC2202 aInternational Engineering Foundation Conference on Fireside Problems While Incinerating Municipal and Industrial Wasted(1989 :cPalm Coast, Fla.)9643610aIncinerating municipal and industrial waste :bfireside problems and prospects for improvement /cEdited by Richard W. Bryers. aNew York :bHemisphere Pub. Corp.,cc1991. axvi, 411 p. :bill., map ;c25 cm. a"Proceedings of the International Conference on Fireside Problems While Incinerating Municipal and Industrial Waste, held at The Sheraton Palm Coast, Florida on October 8-12, 1989"--T.p. verso. a"Co-sponsored by The American Society of Mechanical Engineers ..."--T.p. verso. aH.B aIncludes bibliographical references and index. 0aIncineratorsxCorrosionxCongresses.96437 0aMaterials at high temperaturesxCorrosionxCongresses.96438 0aChlorinexCongresses.964391 aBryers, Richard W.964402 aAmerican Society of Mechanical Engineers.96441 a7bcbccorignewd1eocipf19gy-gencatlg 2ddccBKkIESE 00102ddc40708NFICaIESEbIESEcGENd2017-11-16l0o628.4457 INCpIESE-308r2017-11-16w2017-11-16yBK